MARC

LEADER 00000nam0a2200000 4500
001 257056
005 20231101233153.0
020 |a RU  |b 88-5358 
035 |a (RuTPU)RU\TPU\book\279823 
090 |a 257056 
100 |a 20140414d1987 m a0rusy5003 ca 
101 0 |a rus 
102 |a RU 
105 |a a z 000zy 
200 1 |a Судьба зовет в дорогу  |e сборник очерков  |f сост. К. Н. Лаврова ; Л. П. Овчинникова 
210 |a Москва  |c Политиздат  |d 1987 
215 |a 381 с.  |c ил. 
606 1 |a Героизм советского народа  |2 stltpush  |3 (RuTPU)RU\TPU\subj\6365  |9 34270 
610 1 |a советский народ 
610 1 |a очерки 
610 1 |a ответственность 
610 1 |a преемственность 
610 1 |a поколения 
610 1 |a гражданское воспитание 
686 |a Ф3(2)61  |2 rubbk 
702 1 |a Лаврова  |b К. Н.  |4 220 
702 1 |a Овчинникова  |b Л. П.  |4 220 
801 0 |a RU  |b RuMRKP  |c 19950417  |g psbo 
801 1 |a RU  |b 63413507  |c 20140414 
801 2 |a RU  |b 63413507  |c 20141120  |g RCR 
942 |c BK